| 000 | 00394nam a22001217a 4500 | ||
|---|---|---|---|
| 082 | _a220 PRO | ||
| 100 |
_aNC Mahnoor Arshad NC Madiha Munawara _972960 |
||
| 245 | _aPR-SOF-1877-Embedding sensors in Gym Suit to monitor Muscle Fatigue and Growth | ||
| 260 |
_aISLAMABAD _bNUST COLLEGE OF EME _c2020 |
||
| 650 |
_aDE-COMP-38 _972961 |
||
| 700 |
_aSUPERVISOR Col. Aqib Pervaiz _972962 |
||
| 942 | _cBK | ||
| 999 |
_c578895 _d578895 |
||